Top 15 des pays avec les décès de Covid-19 - 13 avril 2022 - Statistiques

Statistiques générales
  • Ce quiz a été pris 69 fois
  • Le résultat moyen est 11 sur 27
Statistiques - réponses
pays % Correct
France
95%
États-Unis
89%
Royaume-Uni
85%
Allemagne
82%
Brésil
82%
Italie
79%
Russie
71%
Inde
67%
Argentine
62%
Mexique
58%
Colombie
38%
Pologne
35%
Pérou
29%
Hongrie
26%
Indonésie
24%
Iran
24%
Roumanie
24%
Tchèquie
23%
Bulgarie
20%
Slovaquie
17%
Croatie
15%
Slovénie
14%
Bosnie-Herzégovine
12%
Lituanie
6%
Lettonie
5%
Macédoine du Nord
3%
Géorgie
0%
Aucun quiz correspondant
Distribution des résultats
% des personnes avec chaque résultat
Percentile par nombre de réponses
Votre historique - résultats
Vous n’avez pas pris ce quiz